000 00504nam a2200181Ia 4500
005 20250326124019.0
008 250326s9999 xx 000 0 und d
037 _aTextbook
040 _aFMSL
_beng
_cFMSL
041 _aeng
_2eng
084 _aX L2
_qFMSL
100 _aUnger T S
_9736609
245 0 _aEconomic philosophy of the twentieth century
_cUnger T S
260 _aUSA
_bUSA, Northen Illinois University
_c1972
300 _a357p
942 _cTB
_hX L2
999 _c1271894
_d1271894